Šakal a blcha

Bibliographic Details
Main Author: Mikulová, Helena (Author)
Format: Article
Language:Slovak
PhysicalDescription:Literárna príloha Smeny, 1983, č. 35, s. /5/.
Subjects:

MARC

LEADER 00000nab a2200000 a 4500
001 vtls000147859
003 SK-MaSNL
005 20260302205857.0
008 111104c1983 xo 0 slo
015 |a SNBRB19rr/mm-uuuuu 
035 |a CL0157966 
040 |a SNKBUCL  |b slo  |c SNKBUCL  |e AACR2 
041 0 |a slo 
044 |a xo  |c SK 
080 |a 885.4-3  |2 1981 
100 1 |a Mikulová, Helena  |4 aut  |9 837180 
245 1 0 |a Šakal a blcha  |c Helena Mikulová 
300 |b Literárna príloha Smeny, 1983, č. 35, s. /5/. 
650 0 7 |a mikropoviedky  |2 snkbucl  |9 612276 
655 7 |a články z novín a časopisov  |2 snkbucl  |9 267496 
655 7 |a články z odboru literárna veda a krásna literatúra  |2 snkbucl  |9 770045 
773 0 |t Smena  |g Roč. 36, č. 72 (26. 3. 1983) 
850 |a Slovenská národná knižnica v Martine  |a MTA001 
852 |a SNK  |b KIS3GCP 
958 |a RK 
958 |a LX 
992 |a RBX 
999 |c 1479932  |d 1481862